Name all the Six Flags Parks - Statistics

General Stats
  • This quiz has been taken 53 times
  • The average score is 9 of 15
Answer Stats
Answer Hint % Correct
Six Flags Over Texas 12
93%
Six Flags Magic Mountain 3
88%
Six Flags Great Adventure 1
86%
Six Flags Over Georgia 8
81%
Six Flags Great America 6
74%
Six Flags America 7
71%
Six Flags Fiesta Texas 11
69%
Six Flags St.Louis 9
67%
Six Flags Mexico 15
62%
Six Flags New England 4
62%
Six Flags Discovery Kingdom 5
48%
Six Flags Darien Lake 10
40%
Six Flags Great Escape 13
40%
Six Flags Hurricane Harbor 2
10%
Six Flags White Water 14
2%
No matching quizzes found
Score Distribution
Percent of People with Each Score
Percentile by Number Answered
Your Score History
You have not taken this quiz